| 000 | 00504nam a2200157Ia 4500 | ||
|---|---|---|---|
| 999 |
_c16752 _d16752 |
||
| 082 | _aTB.0121 | ||
| 100 | _aBanjamin, Thomas P. | ||
| 245 | 0 | _aManagement of dairy development factors for increasing milk production under co-operatives: a study in Karnataka | |
| 260 |
_c1983 _bIndian Institute of Management, Bangalore |
||
| 300 | _a492 | ||
| 650 |
_aMilk production _vKarnataka |
||
| 650 |
_aMilk cooperatives _zKarnataka |
||
| 650 |
_aDairying _vKarnataka |
||
| 710 | _aRatnam, N.V | ||
| 942 |
_cTH _2ddc |
||